00606nam a2200157Ia 450000500170000000800390001702000180005608200190007410000210009324501250011426000390023930000120027852001270029065000120041770000190042920260129121057.0260128s9999 xx 000 0 und d a9780521526982 a331.89294bHAI aHaimson, Leopold 0aStrikes, Wars, and Revolutions in an International Perspective / cHaimson, Leopold; Haimson, Leopold H.; Tilly, Charles bCambridge University Press, c2002 a4 pages aThis 1989 book contains essays on labour conflicts in major industrialized countries before, during and after World War I. aHistory aTilly, Charles